Topical reviews in accident surgery (Record no. 3994)

000 -LEADER
fixed length control field 00804nas a2200277 a 4500
003 - CONTROL NUMBER IDENTIFIER
control field UkOxU
005 - DATE AND TIME OF LATEST TRANSACTION
control field 20220224080956.0
008 - FIXED-LENGTH DATA ELEMENTS--GENERAL INFORMATION
fixed length control field 500101c19809999enkgr p 0 a0eng d
020 ## - INTERNATIONAL STANDARD BOOK NUMBER
International Standard Book Number 0723605343
040 ## - CATALOGING SOURCE
Transcribing agency ALUPE UNIVERSITY
042 ## - AUTHENTICATION CODE
Authentication code nsdp
-- lc
049 ## - LOCAL HOLDINGS (OCLC)
Holding library 8010873
050 ## - LIBRARY OF CONGRESS CALL NUMBER
Classification number RD92
Item number .L6 1980
060 #0 - NATIONAL LIBRARY OF MEDICINE CALL NUMBER
Classification number W1 TO532M
092 ## - LOCALLY ASSIGNED DEWEY CALL NUMBER (OCLC)
Classification number D0401200472
092 ## - LOCALLY ASSIGNED DEWEY CALL NUMBER (OCLC)
Classification number 10592759
245 00 - TITLE STATEMENT
Title Topical reviews in accident surgery
260 ## - PUBLICATION, DISTRIBUTION, ETC.
Place of publication, distribution, etc. Bristol :
Name of publisher, distributor, etc. J. Wright,
Date of publication, distribution, etc. 1980-
300 ## - PHYSICAL DESCRIPTION
Extent v. :
Other physical details ill. ;
Dimensions 23 cm
500 ## - GENERAL NOTE
General note 1980
504 ## - BIBLIOGRAPHY, ETC. NOTE
Bibliography, etc. note Includes bibliographies references and index
650 #0 - SUBJECT ADDED ENTRY--TOPICAL TERM
Topical term or geographic name entry element Wounds and injuries
General subdivision Surgery
-- Periodicals
650 #0 - SUBJECT ADDED ENTRY--TOPICAL TERM
Topical term or geographic name entry element Traumatology
General subdivision Periodicals
942 ## - ADDED ENTRY ELEMENTS (KOHA)
Source of classification or shelving scheme
Koha item type Book
Suppress in OPAC JO
Holdings
Withdrawn status Lost status Source of classification or shelving scheme Damaged status Not for loan Permanent Location Current Location Shelving location Date acquired Source of acquisition Total Checkouts Full call number Barcode Date last seen Price effective from Koha item type Public note
          AU LIBRARY AU LIBRARY Open Shelf 24.02.2022 DONATION FROM MOI UNIVERSITY   RD92 .L6 1980 28005689 24.02.2022 24.02.2022 Book JO

Powered by Koha